| 000 | 00000nam##2200000za#4500 |
| 001 | 9.625488 |
| 003 | CaOODSP |
| 005 | 20200421163404 |
| 007 | ta |
| 008 | 150406|2000||||xxc||||| f|0| 0 fre|d |
| 020 | |a0-662-85290-7 |
| 040 | |aCaOODSP|bfre |
| 043 | |an-cn--- |
| 086 | 1 |aNH18-22/100-132F |
| 110 | 2 |aSociété canadienne d'hypothèques et de logement. |
| 245 | 10|aPropriété de résistance à l'humidité du plâtre et du stucco pour les bâtiments aux murs en ballots de paille |
| 260 | |aOttawa - Ontario : |bSociété canadienne d'hypothèques et de logement |c2000. |
| 300 | |a4p. : |bgraphiques, tableaux ; |c28 cm. |
| 490 | 1 |aLe point en recherche. Série technique |v00-132 |
| 563 | |aDépliant |
| 590 | |a00-48|b2000-12-01 |
| 691 | 07|aMatériau de construction|2gcpds |
| 691 | 07|aBâtiment|2gcpds |
| 775 | 08|tMoisture properties of plaster and stucco for straw bale buildings |w(CaOODSP)9.615401 |
| 776 | 0#|tPropriétés de résistance à l'humidité du plâtre et du stucco pour les bâtiments aux murs en ballots de paille |w(CaOODSP)9.602661 |
| 830 | #0|aLe point en recherche. Série technique ;|v00-132|w(CaOODSP)9.513179 |
| 986 | |aLNH 2267 |